| 000 | 00963cab a22002175a 4500 | ||
|---|---|---|---|
| 001 | L153009 | ||
| 008 | 110523e20110523xxk 000 0 eng d | ||
| 035 | _a(Sirsi) u153009 | ||
| 041 | 0 | _aeng | |
| 110 | 2 |
_aEuroProperty _91216 |
|
| 245 | 0 | 0 | _aWill DTZ-BNP Paribas merger create a global powerhouse? |
| 260 | _c2011 | ||
| 490 | 0 |
_aEuroProperty _v23 May 2011, 6-7(2) |
|
| 520 | _aThe possible merger of DTZ and BNP Paribas raises the prospects of a new global agent with extensive coverage of Europe, Asia and Canada. A strong UK presence following the merger would be the crowning achievement for French bank BNP Paribas. Graphics display DTZ's global influence and DTZ's share price performance, May 2006-May 2011. | ||
| 590 | _aKA | ||
| 650 | 2 | 4 | _aDTZ |
| 651 | 4 | _aInternational | |
| 690 | _aPROPERTY-COMMERCIAL PROPERTY-COMMERCIAL PROPERTY FINANCE AND INVESTMENT | ||
| 690 | _aPROPERTY-COMMERCIAL PROPERTY-COMMERCIAL PROPERTY MARKET | ||
| 942 | _n0 | ||
| 999 |
_c83161 _d83161 |
||